000
00259nam a22001097a 4500
082
_a
530
_b
ARO/N
100
_a
S.L.ARORA
245
_a
NEW SIMPLIFIED PHYSICS
_b
CLASS XII
260
_a
DELHI
_b
DHANPAT RAI & CO
650
_a
PHYSICS FOR CLASS XII
_z
INDIA
942
_c
BK
999
_c
660
_d
660